Fűzfa-lombok költemények

Bibliographic Details
Main Author: Ivánka, István (Author)
Format: Book
Language:English
PhysicalDescription:175 s.
Published: Selmeczbánya A Selmeczbányai Hiradó kiadása

MARC

LEADER 00000nam a2200000 a 4500
001 vtls010285265
003 SK-MaSNL
005 20260302011813.0
008 240314 000 0 eng
040 |a SNK  |b slo  |c SNK  |e AACR2 
100 1 |a Ivánka, István  |4 aut  |9 652792 
245 1 0 |a Fűzfa-lombok  |b költemények  |c Ivánka István 
260 |a Selmeczbánya  |b A Selmeczbányai Hiradó kiadása  |e 1884 
300 |a 175 s. 
999 |c 1007439  |d 1009369 
952 |a SNK  |b SNK  |y PREZ  |7 0  |p 17A0699175  |o snkSD 20126  |i snkD 2002/61  |8 1  |3 rekatalogizácia  |0 0  |1 0  |4 0  |d 2011-06-11  |l 0  |r 2025-12-03 00:00:00  |w 2026-02-24